000
00326nam a22001337a 4500
008
260530b |||||||| |||| 00| 0 eng d
020
_a
9789381275351
082
_a
001952
100
_a
Katti, Ranganath
245
_a
Garudapurana
260
_a
Bangalore
_b
Poorna Prajna Samshodhan Trust
_c
2018
300
_a
526p
942
_2
ddc
999
_c
1474
_d
1474